Extractus Benignarum Resolutionum Normalium : In Objectis Publico-Ecclesiasticis Editarum Ad Annum 1824 Inclusive Productus.

Bibliographic Details
Other Authors: Jelínek, Ján Krstiteľ, 1780-1841 (Printer)
Format: Book
Language:Latin
PhysicalDescription:204, [1] s. 20 cm
Published: Tyrnavia Sumtibus et Typis Joannis Bapt. Jelinek, Caes. Reg. priv. Typographi 1825
Subjects:

MARC

LEADER 00000nam a2200000 a 4500
001 vtls001380581
003 SK-MaSNL
005 20260301161353.0
008 180810s1825 xo 0 lat
035 |a SNK000334577 
040 |a SNKHF  |b slo  |c SNK  |e AACR2 
041 0 |a lat 
044 |a xo  |c SK 
072 7 |a 27-46/-48  |x Pastorálna teológia  |2 konspekt 
080 |a 27-46  |2 2011 
245 1 |a Extractus Benignarum Resolutionum Normalium : In Objectis Publico-Ecclesiasticis Editarum Ad Annum 1824 Inclusive Productus. 
260 |a Tyrnavia  |b Sumtibus et Typis Joannis Bapt. Jelinek, Caes. Reg. priv. Typographi  |c 1825 
300 |a 204, [1] s.  |c 20 cm 
650 0 7 |a pastoračná starostlivosť  |2 SNKPH  |9 69063 
700 1 |a Jelínek, Ján Krstiteľ,  |d 1780-1841  |4 prt  |9 177739 
752 |a Slovensko  |d Trnava 
852 |a Slovenská národná knižnica  |b Historické fondy  |p SD 2372 
958 |a ONDV 
958 |a DF 
999 |c 809162  |d 811092 
952 |a SNK  |b SNK  |y PREZ  |7 0  |p 17A0223919  |o snkSD 2732 D1  |i snkKSF 3084/57  |8 5  |0 0  |1 0  |4 0  |d 2000-01-12  |l 0  |r 2005-01-02 00:00:00  |w 2026-02-24 
952 |a SNK  |b SNK  |y PREZ  |7 0  |p 17A0748808  |o snkSD 2732  |i snk1556/30  |0 0  |1 0  |4 0  |d 2024-02-07  |l 0  |r 2025-10-31 00:00:00  |w 2026-02-24 
952 |a SNK  |b SNK  |y PREZ  |7 0  |p 17A0462085  |o snkSD 2732 D2  |i snkD 2887/61  |8 1  |0 0  |1 0  |4 0  |d 2005-04-01  |l 0  |r 2026-02-24 02:31:12  |w 2026-02-24 
952 |a SNK  |b SNK  |y PREZ  |7 0  |p 17A0462089  |o snkSD 2732 D3  |i snkF 2563/82  |8 5  |0 0  |1 0  |4 0  |d 2005-04-01  |l 0  |r 2026-02-24 02:31:12  |w 2026-02-24 
952 |a SNK  |b SNK  |y PREZ  |7 0  |p 17A0462090  |o snkSD 2732 D4  |i snkF 4418/82  |8 5  |0 0  |1 0  |4 0  |d 2005-04-01  |l 0  |r 2026-02-24 02:31:12  |w 2026-02-24